| 000 | 003800000a22001570004500 | ||
|---|---|---|---|
| 020 | _a958-42-0402-5 | ||
| 082 | 0 | 4 | _aG CC R321c |
| 100 | 1 | _aReveco, Antonella | |
| 245 | 1 | 0 | _aCristal y otros cuentos / Antonella Reveco |
| 260 | _aBogotá : Planeta | ||
| 300 | _a[ 32 P. ] | ||
| 500 | _awww.editorialplaneta.com.co | ||
| 650 | 1 | 4 | _aLiteratura infantil |
| 001 | 58 | ||
| 942 | _cLGB | ||
| 999 |
_c47316 _d47316 |
||